[Event "Chigorin mem"]
[Site "St Petersburg"]
[Date "1999.11.06"]
[Round "5"]
[White "Kovalevskaya, Ekaterina"]
[Black "Manakov, Ilya"]
[Result "1-0"]
[WhiteElo "2497"]
[BlackElo "2280"]

1.e4 c5 2.Nf3 d6 3.Bb5+ Bd7 4.Bxd7+ Qxd7 5.c4 Nc6 6.Nc3 e5 7.O-O g6 8.Nd5 Bg7
9.Qa4 Rc8 10.b4 b6 11.d3 Nxb4 12.Qxd7+ Kxd7 13.Nxb4 cxb4 14.Rb1 Bh6 15.Bxh6 Nxh6
16.Rxb4 Ng4 17.Nd2 f5 18.a4 Nf6 19.f4 Ke6 20.exf5+ gxf5 21.Nf3 Nd7 22.fxe5 dxe5
23.Rb5 Rhg8 24.Re1 Rc5 25.d4 Rxc4 26.Nxe5 Nxe5 27.Rbxe5+ Kd6 28.Rxf5 Rxa4
29.d5 Ra2 30.g3 Rg6 31.Rc1 Kd7 32.Rf7+ Kd6 33.Rf5 Kd7 34.Rf7+ Kd6 35.Rxh7 Kxd5
36.Rcc7 Re6 37.Rhd7+ Rd6 38.Rxa7 Rxd7 39.Rxa2 b5 40.Kf2 Kc4 41.Kf3 b4 42.h4 b3
43.Ra1 b2 44.Rb1 Kc3 45.g4 Kc2 46.Rxb2+ Kxb2 47.g5 Kc3 48.g6 Kd4 49.Kf4 Rd8
50.Kf5 Rf8+ 51.Ke6 Ke4 52.g7 Ra8 53.h5 Ra6+ 54.Ke7 Ra7+ 55.Kf6 Ra6+ 56.Kg5 Ra5+
57.Kg6 Ra6+ 58.Kh7 Ra7 59.Kh8 Ra5 60.h6  1-0

[Event "Bundesliga 1999-2000"]
[Site "Castrop Rauxel GER"]
[Date "1999.11.07"]
[Round "4"]
[White "Rozentalis,E"]
[Black "Epishin,V"]
[Result "1-0"]
[WhiteElo "2586"]
[BlackElo "2657"]

1.e4 c5 2.Nf3 d6 3.Bb5+ Bd7 4.Bxd7+ Qxd7 5.O-O Nc6 6.c3 Nf6 7.Qe2 e6 8.d4 cxd4
9.cxd4 d5 10.e5 Ne4 11.Be3 f6 12.exf6 gxf6 13.Nc3 Bg7 14.Qd3 Nxc3 15.bxc3 O-O
16.Rfe1 Rac8 17.Rad1 Na5 18.Re2 Rc6 19.Rde1 Rfc8 20.Bd2 Nc4 21.Bf4 Qf7 22.Nh4 Qh5
23.g3 Qf7 24.Qf3 Nb6 25.Qg4 f5 26.Qh3 Nd7 27.Bd2 Nf8 28.Ng2 Ra6 29.Bh6 Rxc3
30.Nf4 Rcc6 31.Nd3 Ra4 32.Bxg7 Qxg7 33.Nc5 Rxd4 34.Nxe6 Nxe6 35.Rxe6 Rxe6
36.Rxe6 Qg4 37.Qh6 Re4 38.Qf6 Qd1+ 39.Kg2 Rxe6 40.Qxe6+ Kg7 41.Qxf5 d4 42.Qf3 Qb1
43.Qg4+ Kf7 44.Qxd4 Qxa2 45.Qd7+ Kg6 46.Qxb7 a5 47.g4 a4 48.h4 a3 49.Qe7 h5
50.Qg5+ Kf7 51.Qxh5+ Ke7 52.Qg5+ Kd6 53.Qd8+ Kc6 54.Qf6+ Kb5 55.g5 Qd5+ 56.Kh2 a2
57.g6 Qd2 58.g7 a1=Q 59.Qf5+ Kb4 60.g8=Q Qad4 61.Qb8+ Kc3 62.Qa5+ Kc2 63.Qa2+ Kd3
64.Qb5+ Ke4 65.Qe6+ Kf3 66.Qh3+  1-0

[Event "Bundesliga 9900"]
[Site "Germany"]
[Date "1999.11.07"]
[Round "4"]
[White "Cladouras, Panagiotis"]
[Black "Meins, Gerlef"]
[Result "1/2-1/2"]
[WhiteElo "2335"]
[BlackElo "2421"]

1.e4 c5 2.Nf3 d6 3.Bb5+ Nd7 4.c4 g6 5.O-O Bg7 6.d4 cxd4 7.Nxd4 Nf6 8.Nc3 O-O
9.Bxd7 Bxd7 10.b3 Qa5 11.Bb2 Rfc8 12.Qe2 Qh5 13.Qxh5 Nxh5 14.Rad1 Kf8 15.g3 Nf6
16.Rfe1 a6 17.a4 Bc6 18.f4 Nd7 19.e5 Nc5 20.a5 dxe5 21.fxe5 Rd8  1/2-1/2

[Event "Chigorin mem"]
[Site "St Petersburg"]
[Date "1999.11.08"]
[Round "7"]
[White "Zakharov, Alexander S"]
[Black "Galkin, Alexander"]
[Result "1-0"]
[WhiteElo "2433"]
[BlackElo "2535"]

1.e4 c5 2.Nf3 d6 3.Bb5+ Bd7 4.Bxd7+ Nxd7 5.O-O Ngf6 6.d3 e6 7.h3 Be7 8.Bf4 O-O
9.Nbd2 b5 10.a4 a6 11.Qe2 Qb6 12.b3 Qb7 13.Nh2 Nb8 14.Be3 Nc6 15.g4 Nd7 16.g5 f5
17.f4 Rae8 18.axb5 axb5 19.exf5 exf5 20.Qf3 Qc7 21.c3 Nb6 22.Ra6 d5 23.d4 cxd4
24.Bxd4 Nxd4 25.cxd4 Bd6 26.Kg2 Re7 27.Rf2 Rfe8 28.Nhf1 Re1 29.Qd3 b4 30.Nf3 Rc1
31.Ne5 Bxe5 32.fxe5 g6 33.Qb5 Re6 34.Qxb4 Qd8 35.Qd2 Rb1 36.Rf3 Qc8 37.Ra2 Rc6
38.Ne3 Rcc1 39.Rc2 Rxc2 40.Qxc2 Qxc2+ 41.Nxc2 Rc1 42.Rf2 Kf7 43.Kf3 Ke6 44.Ke3 Rh1
45.Rf3 Rg1 46.Kf4 Nd7 47.Rc3 Nf8 48.Rc7 Rf1+ 49.Ke3 Rh1 50.Nb4 Rxh3+ 51.Kd2 Rh2+
52.Ke3 Rh3+ 53.Ke2 Rh2+ 54.Ke1 Rh3 55.Nc6 Nd7 56.b4 Rb3 57.Rb7 Rb2 58.b5 f4
59.Nd8+ Ke7 60.Nc6+ Ke6 61.Nd8+ Ke7 62.e6 Kxd8 63.Rxd7+ Ke8 64.Rxd5 Rb4 65.Rd7 Rxb5
66.d5 Rb3 67.Rxh7 Re3+ 68.Kf2 Re5 69.Rd7 Rxg5 70.Kf3 Rf5 71.d6 Rf6 72.Re7+ Kf8
73.Rc7  1-0

[Event "Monarch Assurance 8th"]
[Site "Port Erin"]
[Date "1999.11.09"]
[Round "4"]
[White "Kosteniuk, Alexandra"]
[Black "Kudrin, Sergey"]
[Result "1-0"]
[WhiteElo "2324"]
[BlackElo "2525"]

1.e4 c5 2.Nf3 d6 3.Bb5+ Nc6 4.d4 cxd4 5.Qxd4 Bd7 6.Bxc6 Bxc6 7.c4 Nf6 8.Nc3 g6
9.O-O Bg7 10.Qd3 Nd7 11.Be3 Nc5 12.Qc2 O-O 13.Bd4 Bh6 14.Rfd1 b6 15.Nd5 Rc8
16.a4 Nd7 17.b3 e6 18.Be3 Bg7 19.Nc3 d5 20.cxd5 exd5 21.Bd4 dxe4 22.Bxg7 exf3
23.Bxf8 Qxf8 24.Ne4 Qe7 25.Nd6 Qg5 26.g3 Qg4 27.Qc4 Qxc4 28.Nxc4 Nc5 29.b4 Nxa4
30.Nd6 Rc7 31.Rdc1 b5 32.Nxb5 Bxb5 33.Rxc7 a6 34.Ra3 Nb6 35.Rxf3 Nd5 36.Rcxf7 Nxb4
37.Rf8+ Kg7 38.R3f7+ Kh6 39.Rh8  1-0

[Event "Monarch Assurance 8th"]
[Site "Port Erin"]
[Date "1999.11.10"]
[Round "5"]
[White "Marusenko, Petr"]
[Black "Shipov, Sergei"]
[Result "0-1"]
[WhiteElo "2406"]
[BlackElo "2658"]

1.e4 c5 2.Nf3 d6 3.Bb5+ Bd7 4.Bxd7+ Qxd7 5.c4 Nf6 6.Nc3 Nc6 7.O-O g6 8.d4 cxd4
9.Nxd4 Bg7 10.Nc2 O-O 11.Qe2 a6 12.b3 Qc7 13.Bd2 e6 14.Rac1 Rfe8 15.f4 Nd7
16.Rfd1 Nc5 17.Be1 Rac8 18.Kh1 Red8 19.Qf3 Qe7 20.Ne3 Rf8 21.Ne2 b5 22.cxb5 axb5
23.b4 Nd7 24.a3 Nb6 25.Bc3 e5 26.Qf1 Nd4 27.f5 Qh4 28.Ng3 Bh6 29.Bd2 Bf4
30.Qe1 Nb3 31.Rxc8 Rxc8 32.Nef1 Nxd2 33.Nxd2 Qg4 34.Ndf1 Nc4 35.Qe2 Qg5 36.Rd3 h5
37.Qc2 Kg7 38.fxg6 fxg6 39.Ne2 Ne3 40.Nxf4 Qxf4  0-1

[Event "Monarch Assurance 8th"]
[Site "Port Erin"]
[Date "1999.11.11"]
[Round "6"]
[White "Lalic, Bogdan"]
[Black "Tiviakov, Sergei"]
[Result "1/2-1/2"]
[WhiteElo "2550"]
[BlackElo "2611"]

1.e4 c5 2.Nf3 d6 3.Bb5+ Nc6 4.d4 cxd4 5.Qxd4 Qd7 6.Qd3 Nf6 7.O-O e6 8.c4 Be7
9.Nc3 a6 10.Bxc6 Qxc6 11.Bf4 O-O 12.Rfd1 Ne8 13.b4 f6 14.Be3 Bd7 15.Nd4 Qc7
16.Nf5 Rf7 17.Nxe7+ Rxe7 18.Bf4 Rf7 19.c5 e5 20.Nd5 Qc6 21.Be3 Be6 22.Nb6 Rd8
23.Rac1 f5 24.exf5 Rxf5 25.cxd6 Qxd6 26.Qe2 Qe7 27.Rxd8 Qxd8 28.h3 h6 29.a4 Rf7
30.b5 Nc7 31.Qb2 Qf6 32.Kh2 axb5 33.axb5 Nd5 34.Nxd5 Bxd5 35.Rc5 Qe6 36.Qc2  1/2-1/2

[Event "Monarch Assurance 8th"]
[Site "Port Erin"]
[Date "1999.11.12"]
[Round "7"]
[White "Marusenko, Petr"]
[Black "Kosteniuk, Alexandra"]
[Result "1-0"]
[WhiteElo "2406"]
[BlackElo "2324"]

1.e4 c5 2.Nf3 d6 3.Bb5+ Bd7 4.Bxd7+ Qxd7 5.c4 Nc6 6.Nc3 g6 7.d4 cxd4 8.Nxd4 Bg7
9.Be3 Nf6 10.f3 O-O 11.O-O a6 12.Qd2 Nxd4 13.Bxd4 b5 14.Nd5 Nxd5 15.Bxg7 Kxg7
16.cxd5 Rfc8 17.Rac1 Rxc1 18.Rxc1 Rc8 19.Rxc8 Qxc8 20.Qc3+ Qxc3 21.bxc3 Kf6
22.Kf2 e6 23.dxe6 Kxe6 24.Ke3 Ke5 25.f4+ Ke6 26.g4 f6 27.Kd4 g5 28.f5+ Ke7
29.c4 bxc4 30.Kxc4 Kd8 31.Kd5 Kd7 32.a3 a5 33.a4  1-0

[Event "Monarch Assurance 8th"]
[Site "Port Erin"]
[Date "1999.11.13"]
[Round "8"]
[White "Kristensen, Bjarke"]
[Black "Shneider, Aleksandr"]
[Result "1/2-1/2"]
[WhiteElo "2406"]
[BlackElo "2551"]

1.e4 c5 2.Nf3 d6 3.Bb5+ Bd7 4.Bxd7+ Qxd7 5.O-O Nc6 6.c3 Nf6 7.d4 Nxe4 8.d5 Ne5
9.Nxe5 dxe5 10.Re1 Nf6 11.c4 O-O-O 12.Nc3 e6 13.Bg5 h6 14.Bh4 Be7 15.Rxe5 Nxd5
16.cxd5 Bxh4 17.Qg4 Bf6 18.dxe6 fxe6 19.Rxc5+ Kb8 20.Rd1 Qe7 21.Rc4 Rxd1+
22.Qxd1 Rd8 23.Qc2 Qd6 24.g3 Bxc3  1/2-1/2

[Event "Monarch Assurance 8th"]
[Site "Port Erin"]
[Date "1999.11.13"]
[Round "8"]
[White "Marusenko, Petr"]
[Black "Ward, Christopher"]
[Result "0-1"]
[WhiteElo "2406"]
[BlackElo "2473"]

1.e4 c5 2.Nf3 d6 3.Bb5+ Bd7 4.Bxd7+ Qxd7 5.c4 Nc6 6.Nc3 Ne5 7.d4 cxd4 8.Qxd4 Nc6
9.Qd2 g6 10.b3 Bg7 11.Bb2 Nf6 12.O-O O-O 13.Rfe1 Qg4 14.h3 Qc8 15.Nd5 Nd7
16.Bxg7 Kxg7 17.Nd4 Re8 18.Rad1 Nxd4 19.Qxd4+ f6 20.Re3 Qc6 21.h4 Rac8 22.h5 Qc5
23.Qd2 Ne5 24.Rg3 g5 25.Kh1 Kf7 26.Qe2 Rg8 27.Ne3 e6 28.Kg1 Ke7 29.Ng4 Nxg4
30.Qxg4 Qe5 31.Re3 Qf4 32.Qe2 Rc6 33.Rd5 g4 34.g3 Qh6 35.Qd2 Rd8 36.Qb4 b6
37.Qa4 Rc7 38.Rb5 e5 39.Rd5 Qxh5 40.Red3 Qf7 41.Qa3 Qe6 42.b4 Qc8 43.Qc1 Rxc4
44.Qh6 Qe6 45.Qg7+ Qf7 46.Qxg4 Qg6 47.Qd1 Qxe4 48.Rxd6 Rxd6 49.Rxd6 Rxb4
50.Rd7+ Ke6 51.Rd6+ Ke7 52.Rd7+ Ke6 53.Rd6+ Kf7 54.Qh5+ Ke7 55.Rd1 Rb1 56.Kh2 Rxd1
57.Qxd1 Qd4 58.Qc2 Kd6 59.Kg1 e4 60.Qb3 a5 61.Qg8 h5 62.Qf8+ Kd5 63.Qf7+ Kc5
64.Qxh5+ Kb4 65.Qf7 a4 66.Qe7+ Kc3 67.Qa3+ Kc2 68.Kg2 b5 69.Kg1 Kb1 70.Kg2 Qd3
71.Qe7 Kxa2 72.Kg1 Qd1+ 73.Kh2 Qd4 74.Qe6+ Kb2  0-1

[Event "Monarch Assurance 8th"]
[Site "Port Erin"]
[Date "1999.11.13"]
[Round "8"]
[White "Kosteniuk, Alexandra"]
[Black "Longson, Alex"]
[Result "1/2-1/2"]
[WhiteElo "2324"]
[BlackElo "2169"]

1.e4 c5 2.Nf3 d6 3.Bb5+ Bd7 4.Bxd7+ Qxd7 5.O-O Nc6 6.c3 Nf6 7.d4 Nxe4 8.d5 Ne5
9.Re1 Nxf3+ 10.Qxf3 Nf6 11.c4 e5 12.dxe6 fxe6 13.Nc3 Be7 14.Qe2 O-O 15.Qxe6+ Qxe6
16.Rxe6 Kf7 17.Re3 a6 18.Rd3 Rad8 19.Bf4 Rd7 20.Rad1 Rfd8 21.f3 h6 22.g4 Ke6
23.Nd5 Nxd5 24.Rxd5 Bf6 25.b3 b5 26.Kg2 Bd4 27.Rf5 Re7 28.Rd5 Red7 29.Bg3 bxc4
30.bxc4 Rb7 31.Re1+ Kf7 32.Re2 Rb4 33.Rc2 Rb6 34.a3 a5 35.h4 a4 36.h5 Rb2
37.Rxb2 Bxb2 38.Rd3 Bd4 39.Rd1 Rb8 40.Bxd6 Rb3 41.Re1 Rxa3 42.Re7+ Kg8 43.f4 Ra2+
44.Kg3 Ra3+ 45.Kg2 Ra2+ 46.Kg3 Ra3+  1/2-1/2

[Event "ESP-chT Div 1"]
[Site "Cala Galdana"]
[Date "1999.11.14"]
[Round "7"]
[White "Campora, Daniel H"]
[Black "Moreno, Javier"]
[Result "1/2-1/2"]
[WhiteElo "2543"]
[BlackElo "2474"]

1.e4 c5 2.Nf3 d6 3.Bb5+ Bd7 4.Bxd7+ Qxd7 5.c4 e5 6.O-O Nc6 7.Nc3 Nge7 8.a3 g6
9.d3 Bg7 10.Rb1 O-O 11.b4 Nd4 12.Nxd4 exd4 13.Ne2  1/2-1/2

[Event "ch-ITA"]
[Site "Saint-Vincent ITA"]
[Date "1999.11.15"]
[Round "3"]
[White "Bellini,F"]
[Black "Costantini,R"]
[Result "1-0"]
[WhiteElo "2418"]
[BlackElo "2196"]

1.e4 c5 2.Nf3 d6 3.Bb5+ Nd7 4.O-O Nf6 5.Re1 a6 6.Bf1 b6 7.d4 cxd4 8.Nxd4 Bb7
9.f3 e6 10.c4 Be7 11.Nc3 O-O 12.Be3 Qc7 13.Rc1 Rac8 14.Kh1 Qb8 15.Bg1 Rfe8
16.Na4 Bf8 17.Qd2 d5 18.e5 Nxe5 19.Nxb6 Rcd8 20.c5 Nc4 21.Nxc4 dxc4 22.Qa5 e5
23.c6 Rd5 24.Qb6 Ba8 25.Qxb8 Rxb8 26.c7 Rc8 27.Bxc4 exd4 28.Bxa6 Rxc7 29.Rxc7 Rd8
30.Rc8  1-0

[Event "ch-ITA"]
[Site "Saint-Vincent ITA"]
[Date "1999.11.17"]
[Round "5"]
[White "Bellini,F"]
[Black "Aldrovandi,C"]
[Result "1-0"]
[WhiteElo "2418"]
[BlackElo "2350"]

1.e4 c5 2.Nf3 d6 3.Bb5+ Bd7 4.Bxd7+ Qxd7 5.O-O Nc6 6.c3 Nf6 7.d4 cxd4 8.cxd4 Nxe4
9.d5 Ne5 10.Re1 Nf6 11.Nxe5 dxe5 12.Rxe5 e6 13.Nc3 Bd6 14.dxe6 fxe6 15.Re2 O-O
16.Bg5 Qc7 17.h3 Bh2+ 18.Kh1 Bf4 19.Bxf4 Qxf4 20.Qb3 Rf7 21.Rae1 Re8 22.Kg1 e5
23.Nb5 Rd8 24.Rxe5 Nd7 25.R5e2 a6 26.g3 Qf6 27.Nc7 Nf8 28.Nd5 Qf3 29.Qxf3 Rxf3
30.Nf4 Ng6 31.Nxg6 hxg6 32.Re8+ Rf8 33.Rxd8 Rxd8 34.Re7 b5 35.Re6 Rd2 36.Rxg6 a5
37.Rb6 Rxb2 38.a4 b4 39.Rb5 Kf7 40.Rxa5 Ke6 41.Rb5 Kd6 42.h4 b3 43.a5 Kc6
44.Rb8 Kc7 45.Rb4 Kc6 46.a6 Kc5 47.Rb8 Ra2 48.Rxb3 Rxa6 49.Rd3 Rg6 50.Kg2  1-0

[Event "Kuban 99"]
[Site "Krasnodar RUS"]
[Date "1999.11.21"]
[Round "9"]
[White "Jenetl,R"]
[Black "Maiorov,O"]
[Result "1/2-1/2"]
[WhiteElo "2371"]
[BlackElo "2458"]

1.e4 c5 2.Nf3 d6 3.Bb5+ Nd7 4.c3 Nf6 5.Qe2 a6 6.Ba4 e5 7.O-O Be7 8.d4 O-O
9.Rd1 Qc7 10.Bc2 Re8 11.a4 Nf8 12.h3 Ng6 13.Na3 Bd7 14.dxe5 dxe5 15.Bg5 Rad8
16.Nc4 Be6 17.Nh4 Nh5 18.Nxg6 Bxg5 19.Qxh5 hxg6 20.Qxg5  1/2-1/2

[Event "Extraliga CZE"]
[Site "Ostrava CZE"]
[Date "1999.11.21"]
[Round "4"]
[White "Velicka,P"]
[Black "Stocek,J"]
[Result "0-1"]
[WhiteElo "2440"]
[BlackElo "2532"]

1.e4 c5 2.Nf3 d6 3.Bb5+ Nd7 4.d4 cxd4 5.Qxd4 a6 6.Bxd7+ Bxd7 7.O-O Bg4 8.Nbd2 Nf6
9.h3 Bh5 10.b3 e6 11.c4 Be7 12.Bb2 O-O 13.a4 Rc8 14.Rfc1 h6 15.a5 Bg6 16.b4 Re8
17.Bc3 Bf8 18.Re1 Qc7 19.Rac1 Nd7 20.Qe3 b6 21.axb6 Nxb6 22.Bd4 Nd7 23.Ra1 Qb7
24.Qb3 Rb8 25.Qa4 Rec8 26.Qxa6 Qxa6 27.Rxa6 Rxb4 28.Rea1 f6 29.Ra7 Be8 30.Bc3 Rbb8
31.Nd4 Nc5 32.f3 Bf7 33.Nf1 Nb3 34.Nxb3 Rxb3 35.Be1 e5 36.Nd2 Rb2 37.R1a2 Rxa2
38.Rxa2 Bxc4 39.Nxc4 Rxc4 40.Ra7 d5 41.Ra8 dxe4 42.fxe4  0-1

[Event "ch-ITA"]
[Site "Saint-Vincent ITA"]
[Date "1999.11.21"]
[Round "9"]
[White "Godena,M"]
[Black "Aldrovandi,C"]
[Result "1/2-1/2"]
[WhiteElo "2490"]
[BlackElo "2350"]

1.e4 c5 2.Nf3 d6 3.Bb5+ Nd7 4.d4 cxd4 5.Qxd4 a6 6.Bxd7+ Bxd7 7.Bg5 h6 8.Bh4 Qa5+
9.Nc3 e5 10.Qd3 Be6 11.Nd2 Rc8 12.a3 Be7 13.Bxe7 Kxe7 14.O-O-O Nf6 15.Nf1 Rhd8
16.Nd5+ Bxd5 17.exd5 g6 18.Ne3  1/2-1/2

[Event "Eu Team Ch"]
[Site "Batumi GEO"]
[Date "1999.11.30"]
[Round "2"]
[White "Manik,M"]
[Black "Danner,G"]
[Result "0-1"]
[WhiteElo "2447"]
[BlackElo "2405"]

1.e4 c5 2.Nf3 d6 3.Bb5+ Nc6 4.Bxc6+ bxc6 5.O-O g6 6.d4 cxd4 7.Qxd4 f6 8.c4 Qb6
9.Qd3 Nh6 10.Nc3 Nf7 11.Rb1 a5 12.b3 Bg7 13.Bb2 O-O 14.Rfd1 Qa7 15.Na4 f5
16.Bxg7 Kxg7 17.c5 fxe4 18.Qxe4 Bf5 19.Qd4+ e5 20.Qc3 Bxb1 21.Rxb1 d5 22.Nxe5 Nxe5
23.Qxe5+ Kg8 24.Qd6 Qf7 25.f3 Qf5 26.Rf1 Rf6 27.Qc7 Re6 28.Qd7 Rae8 29.g4 Qf4
30.Rf2 Re2  0-1

[Event "Eu Team Ch"]
[Site "Batumi GEO"]
[Date "1999.11.30"]
[Round "2"]
[White "Marciano,D"]
[Black "Haznedaroglu,K"]
[Result "1-0"]
[WhiteElo "2529"]
[BlackElo "2187"]

1.e4 c5 2.Nf3 d6 3.Bb5+ Bd7 4.Bxd7+ Qxd7 5.c4 Nc6 6.Nc3 g6 7.d4 cxd4 8.Nxd4 Bg7
9.Be3 Nf6 10.f3 O-O 11.O-O Rfc8 12.b3 Rab8 13.Qd2 a6 14.a4 Qd8 15.Rab1 Qa5
16.Rfc1 Nxd4 17.Bxd4 Nd7 18.Ba7 Ra8 19.Be3 Qb4 20.Nd5 Qxd2 21.Bxd2 Bd4+ 22.Kf1 Kf8
23.Rd1 Be5 24.f4 Bg7 25.Bb4 Rc6 26.e5 Nc5 27.a5 Rd8 28.Nb6 Ne6 29.exd6 exd6
30.g3 Nd4 31.Rd3 Nc2 32.Bd2 h5 33.Rd1 Nd4 34.Bb4 Nf5 35.Kf2 Bf6 36.Nd5 Be7
37.h3 Rd7 38.g4 Bh4+ 39.Kf3 Ng7 40.Nb6 Rd8 41.Bxd6+ Kg8 42.Bb4 Re8 43.Rd6 Rxd6
44.Bxd6 Rd8 45.c5 Ne6 46.Nd5 Kg7 47.g5 Re8 48.Be7 Rc8 49.b4 Re8 50.Bf6+ Kf8
51.Ne3  1-0

[Event "Belgian Interteams 1999-2000"]
[Site "Antwerp BEL"]
[Date "1999.11.??"]
[Round "4"]
[White "Vandevoort,P"]
[Black "Vanderstricht,G"]
[Result "0-1"]
[WhiteElo "2306"]
[BlackElo "2347"]

1.Nf3 c5 2.e4 d6 3.Bb5+ Bd7 4.Bxd7+ Qxd7 5.O-O Nc6 6.b3 Nf6 7.Re1 e6 8.Bb2 Be7
9.c4 O-O 10.d4 cxd4 11.Nxd4 a6 12.Nc3 Rfd8 13.Qd2 b5 14.cxb5 Nxd4 15.Qxd4 axb5
16.Rad1 Qb7 17.Rd3 b4 18.Na4 d5 19.e5 Ne4 20.Qe3 Rdc8 21.Qe2 Ra6 22.Bd4 Rac6
23.f3 Nc3 24.Nxc3 bxc3 25.Qc2 Ba3 26.f4 g6 27.Ree3 Bb2 28.h4 Qe7 29.Rh3 h5
30.Kf2 Kf8 31.Ke2 Qa3 32.Bxc3 Ba1 33.Qd2 Ke8 34.Bb4 Qa7 35.Kf3  0-1

[Event "ch-ARG Najdorf mem"]
[Site "Buenos Aires ARG"]
[Date "1999.12.01"]
[Round "10"]
[White "Zarnicki,P"]
[Black "Hoffman,A"]
[Result "1/2-1/2"]
[WhiteElo "2497"]
[BlackElo "2524"]

1.e4 c5 2.Nf3 d6 3.Bb5+ Nc6 4.O-O Bd7 5.c3 Nf6 6.Re1 a6 7.Bxc6 Bxc6 8.d4 Bxe4
9.Bg5 Bd5 10.Bxf6 gxf6 11.Nbd2 e6 12.c4 Bxf3 13.Qxf3 cxd4 14.Qxb7 Bg7 15.Qc6+ Ke7
16.Qe4 Kf8 17.Nf3 f5 18.Qd3 Qb6 19.b3 Bf6 20.Rad1 Rd8 21.Nxd4 Rg8 22.Nxe6+ fxe6
23.Rxe6 Rg6 24.Qxf5 Kg7 25.c5 Qa5 26.g3 dxc5 27.Rxd8 Qxd8 28.Qxc5 Bd4 29.Qc4 Rxe6
30.Qxe6 a5 31.Qf5  1/2-1/2

[Event "Eu Team Ch"]
[Site "Batumi GEO"]
[Date "1999.12.02"]
[Round "4"]
[White "Chandler,M"]
[Black "Grosar,A"]
[Result "1-0"]
[WhiteElo "2505"]
[BlackElo "2446"]

1.e4 c5 2.Nf3 d6 3.Bb5+ Nd7 4.d4 Nf6 5.Nc3 cxd4 6.Qxd4 e5 7.Qd3 Be7 8.Bg5 O-O
9.Bxd7 Qxd7 10.Rd1 Rd8 11.Bxf6 Bxf6 12.Nd5 Qa4 13.O-O Be6 14.b3 Qa5 15.a4 Rac8
16.c4 a6 17.Qe3 Bxd5 18.Rxd5 Rc5 19.Rfd1 Rxd5 20.Rxd5 Qb4 21.g3 Rc8 22.Ne1 Qa3
23.Qb6 Qc1 24.Kf1 h5 25.Qxb7 Rf8 26.h4 Bd8 27.Qxa6 Qb1 28.Rd3 f5 29.exf5 Rxf5
30.Qxd6 Rf8 31.Qd5+ Kh8 32.Qxe5 Bb6 33.Qxh5+ Kg8 34.Rf3  1-0

[Event "Eu Team Ch"]
[Site "Batumi GEO"]
[Date "1999.12.03"]
[Round "5"]
[White "Tofan,I"]
[Black "Zulfugarli,M"]
[Result "0-1"]
[WhiteElo "2247"]
[BlackElo "2388"]

1.e4 c5 2.Nf3 d6 3.Bb5+ Nc6 4.c4 a6 5.Bxc6+ bxc6 6.h3 e5 7.d3 Be7 8.Nc3 Nf6
9.O-O O-O 10.Nh2 Ne8 11.g4 Nc7 12.Ne2 Ne6 13.Ng3 Bg5 14.Be3 g6 15.Nf3 Bf4
16.Kg2 Kh8 17.Rg1 a5 18.b3 a4 19.Qd2 h6 20.Ne2 Bxe3 21.fxe3 f5 22.exf5 gxf5
23.e4 f4 24.Nc3 axb3 25.axb3 Rb8 26.Rab1 h5 27.Qf2 Nd4 28.Nxd4 cxd4 29.Nd1 f3+
30.Kf1 d5 31.Qd2 Rf4 32.Nf2 Be6 33.cxd5 cxd5 34.Re1 Qf6  0-1

[Event "Eu Team Ch"]
[Site "Batumi GEO"]
[Date "1999.12.03"]
[Round "5"]
[White "Damljanovic,B"]
[Black "Stohl,I"]
[Result "0-1"]
[WhiteElo "2554"]
[BlackElo "2600"]

1.e4 c5 2.Nf3 d6 3.Bb5+ Bd7 4.Bxd7+ Qxd7 5.c4 Nc6 6.O-O Nf6 7.Nc3 g6 8.d4 cxd4
9.Nxd4 Bg7 10.Nde2 Qe6 11.Qb3 O-O 12.Nf4 Qc8 13.Nfd5 e6 14.Nxf6+ Bxf6 15.Bh6 Rd8
16.Rac1 Ne5 17.Ne2 Qc6 18.Qc2 Rac8 19.b3 d5 20.exd5 exd5 21.Nd4 Qd7 22.c5 Ng4
23.Be3 Re8 24.Qd3 Nxe3 25.fxe3 Bg5 26.Rfe1 Qe7 27.Kf2 Rxc5 28.Rxc5 Qxc5 29.Nf3 Bf6
30.Re2 Kg7 31.g3 h5 32.Rc2 Qb6 33.a4 Re4 34.Nd2 Rxe3 35.Qb5 Rxb3+  0-1

[Event "Eu Team Ch (women)"]
[Site "Batumi GEO"]
[Date "1999.12.05"]
[Round "6"]
[White "Polovnikova,E"]
[Black "Calzetta,M"]
[Result "0-1"]
[WhiteElo "2299"]
[BlackElo "2194"]

1.e4 c5 2.Nf3 d6 3.Bb5+ Nc6 4.d4 cxd4 5.Qxd4 Bd7 6.Bxc6 Bxc6 7.Nc3 Nf6 8.Bg5 e6
9.O-O-O Be7 10.Qd3 Qa5 11.Bh4 O-O 12.Nd4 Rfc8 13.f4 b5 14.e5 dxe5 15.fxe5 Nd5
16.Nxc6 Rxc6 17.Bxe7 Nxe7 18.Qd7 b4 19.Qxe7 bxc3 20.Rhf1 Rf8 21.Rd7 Rcc8
22.Qa3 Qxe5 23.Rfd1 cxb2+ 24.Kb1 h6 25.Qxa7 Qf5 26.Qa4 Ra8 27.Qb4 Rxa2 28.Rd8 Ra1+
29.Kxb2 Qf6+ 30.Qd4 Rxd8 31.Qxf6 Raxd1 32.Qf3 Rb8+ 33.Kc3 Rc8+ 34.Kb2 Rd2
35.Kb3 Rdxc2  0-1

[Event "Eu Team Ch"]
[Site "Batumi GEO"]
[Date "1999.12.06"]
[Round "7"]
[White "Chandler,M"]
[Black "Kempinski,R"]
[Result "0-1"]
[WhiteElo "2505"]
[BlackElo "2549"]

1.e4 c5 2.Nf3 d6 3.Bb5+ Nd7 4.d4 Nf6 5.Nc3 a6 6.Bxd7+ Nxd7 7.O-O e6 8.Bg5 f6
9.Be3 Be7 10.a4 b6 11.Qe2 O-O 12.Rad1 Qe8 13.dxc5 bxc5 14.Nd2 f5 15.exf5 Rxf5
16.Nde4 d5 17.Ng3 Rf8 18.Bc1 Nf6 19.b3 Qg6 20.Qd3 Qxd3 21.Rxd3 Bd7 22.Re1 Rfe8
23.Rdd1 Rac8 24.Ba3 Bd8 25.Re2 Ba5 26.Na2 e5 27.h3 d4 28.f3 c4 29.Nb4 Bb6
30.Kh2 a5 31.Na2 d3 32.cxd3 cxb3 33.Nc1 Bxa4 34.Rde1 g6 35.Rb2 Bd4 36.Rb1 Rb8
37.Nce2 Bf2 38.Rec1 Bd7 39.Nc3 Be3 40.Rd1 Bc6 41.Nge4 Nxe4 42.dxe4 a4 43.h4 Rbd8
44.Nd5 Bxd5 45.exd5 Kf7 46.d6 Ke6 47.Rd3 Bd4 48.f4 Kd7 49.Kh3 Rc8 50.fxe5 Rc3
51.Rxc3 Bxc3 52.Rf1 Bxe5 53.Rf7+ Ke6 54.Ra7 Rb8 55.Re7+ Kf6 56.Bc1 b2  0-1

[Event "Eu Team Ch"]
[Site "Batumi GEO"]
[Date "1999.12.06"]
[Round "7"]
[White "Gelashvili,T"]
[Black "Nevednichy,V"]
[Result "1/2-1/2"]
[WhiteElo "2531"]
[BlackElo "2537"]

1.e4 c5 2.Nf3 d6 3.Bb5+ Nd7 4.O-O Nf6 5.Re1 a6 6.Bf1 b6 7.c4 Bb7 8.Nc3 e6
9.b3 Be7 10.Bb2 Ne5 11.d3 Nfd7 12.Nd2 g5 13.Be2 h5 14.Nf3 Ng6 15.Na4 Bf6
16.Qc2 g4 17.Nd2 Nf4 18.b4 cxb4 19.Rab1 a5 20.a3 Bc6 21.d4 O-O 22.Bf1 e5
23.d5 Bxa4 24.Qxa4 Nc5 25.Qc2 Bg5 26.axb4 axb4 27.Bc1 Qf6 28.Rxb4 Ra6 29.Nb1 Ng6
30.g3 Ne7 31.Nc3 Bxc1 32.Rxc1 Rfa8 33.Rcb1 Nc8 34.Be2 Qg6 35.Bf1 Ra3 36.Bg2 Qg5
37.R4b2 R8a6 38.Bf1 Kg7  1/2-1/2

[Event "Eu Team Ch"]
[Site "Batumi GEO"]
[Date "1999.12.06"]
[Round "7"]
[White "Oral,T"]
[Black "Genov,Peta"]
[Result "1-0"]
[WhiteElo "2541"]
[BlackElo "2410"]

1.e4 c5 2.Nf3 d6 3.Bb5+ Bd7 4.Bxd7+ Qxd7 5.c4 Nf6 6.Nc3 Nc6 7.O-O e6 8.d4 cxd4
9.Nxd4 Rc8 10.b3 Be7 11.Ba3 a6 12.Qd2 b6 13.f4 Qa7 14.Nxc6 Rxc6 15.e5 dxe5
16.fxe5 Bxa3 17.exf6 gxf6 18.Ne4 Be7 19.Nxf6+ Bxf6 20.Rxf6 b5+ 21.Kh1 bxc4
22.Rc1 Rg8 23.Rf4 Rg5 24.bxc4 h6 25.Rh4 Rg6 26.Rd1 Kf8 27.Rxh6 Kg7 28.Rxg6+ Kxg6
29.Qd3+ f5 30.Qg3+ Kf7 31.Qh4 Rc7 32.Qh7+ Kf6 33.Qh6+ Kf7 34.Rd6 Re7 35.Rd8 Rc7
36.Rf8+ Ke7 37.Qf6+ Kd6 38.Rd8+ Kc5 39.Qd4+ Kb4 40.Rb8+  1-0

[Event "Eu Team Ch"]
[Site "Batumi GEO"]
[Date "1999.12.06"]
[Round "8"]
[White "Rocha,S"]
[Black "Mchedlishvili,M"]
[Result "1-0"]
[WhiteElo "2427"]
[BlackElo "2441"]

1.e4 c5 2.Nf3 d6 3.Bb5+ Bd7 4.Bxd7+ Qxd7 5.O-O Nc6 6.c3 Nf6 7.Qe2 e6 8.d4 cxd4
9.cxd4 d5 10.e5 Ne4 11.Nbd2 Nxd2 12.Bxd2 Be7 13.g3 O-O 14.Kg2 Rac8 15.h4 f6
16.Bf4 f5 17.Bg5 Rc7 18.Rfc1 Rfc8 19.Bxe7 Nxe7 20.Qd2 h6 21.Ne1 Qb5 22.Rxc7 Rxc7
23.Rc1 Rxc1 24.Qxc1 Nc6 25.Nf3 Kf7 26.Qc3 Qc4 27.a3 Ke7 28.Qd2 Kd7 29.h5 b5
30.Qf4 Ne7 31.Qd2 Kc7 32.Qa5+ Kd7 33.Qxa7+ Qc7 34.Qa8 Qc8 35.Qa7+ Qc7 36.Qa8 Qc8
37.Qa5 Qb7 38.Qb4 Qc6 39.b3 Ke8 40.a4 bxa4 41.bxa4 Qc4 42.Qa3 Qa6 43.a5 Kd7
44.Ne1 Ke8 45.Nd3 Nc6 46.Qa4 Qxd3 47.Qxc6+ Ke7 48.Qd6+ Kf7 49.Qd7+ Kf8 50.Qxe6 Qe4+
51.Kh2 Qc2 52.Qd6+ Ke8 53.Qb8+ Kf7 54.Qb7+ Kf8 55.Qb4+ Kf7 56.Kg2 Qe4+ 57.Kg1 f4
58.gxf4 Qf3 59.Qb7+  1-0

[Event "Eu Team Ch"]
[Site "Batumi GEO"]
[Date "1999.12.07"]
[Round "9"]
[White "Brynell,S"]
[Black "Vokac,M"]
[Result "1/2-1/2"]
[WhiteElo "2488"]
[BlackElo "2494"]

1.e4 c5 2.Nf3 d6 3.Bb5+ Bd7 4.Bxd7+ Qxd7 5.O-O Nc6 6.c3 Nf6 7.d4 cxd4 8.cxd4 d5
9.e5 Ne4 10.Ne1 h6 11.f3 Ng5 12.Be3 e6 13.Nd3 Be7 14.Nc3 O-O 15.Nf4 f6 16.Ng6 Rf7
17.Nxe7+ Qxe7 18.exf6 Qxf6 19.Qd2 Nh7 20.Rad1 Nf8 21.Bf2 Ng6 22.Bg3 h5 23.h3 Nge7
24.Rfe1 Qg6 25.Kh2 Nf5 26.Bf2 Raf8 27.Ne2 Rf6 28.Nf4 Qf7 29.Nd3 Qc7+ 30.Ne5 Nxe5
31.dxe5 Rg6 32.Rc1 Qd8 33.Rc3 a6 34.Rec1 d4 35.Rd3 Qd5 36.Re1 Qxa2 37.Bxd4 Nh4
38.Re2 Qd5 39.Bc3 Qb5 40.Rde3 Nf5 41.Rd3 Ng3 42.Re1 h4 43.Rd1 Rf5 44.Qf2 Rfg5
45.Rd8+ Kh7 46.R1d4 Nf1+ 47.Kh1 Ng3+ 48.Kh2 Nf1+ 49.Kh1 Ng3+  1/2-1/2

[Event "FSIMA December"]
[Site "Budapest HUN"]
[Date "1999.12.10"]
[Round "7"]
[White "Khamatgaleev,A"]
[Black "Struk,J"]
[Result "1-0"]
[WhiteElo "2435"]
[BlackElo "2270"]

1.e4 c5 2.Nf3 d6 3.Bb5+ Bd7 4.Bxd7+ Qxd7 5.O-O Nc6 6.c3 Nf6 7.d4 e5 8.dxe5 dxe5
9.Qe2 Rd8 10.Na3 h6 11.Nc4 Qe6 12.a4 Be7 13.Nh4 g6 14.g3 Nxe4 15.Qxe4 f5
16.Qe2 Bxh4 17.gxh4 Rd4 18.cxd4 Nxd4 19.Qd1 Qxc4 20.Be3 Ne2+ 21.Kh1 Qg4 22.Qd5 f4
23.Rad1 fxe3 24.Qxe5+  1-0